Climatic Changes and Farmers' Perception and Resilience for Food Security in Karak District of Khyber Pakhtunkhwa, Pakistan/ (Record no. 615732)

000 -LEADER
fixed length control field 00530nam a22001457a 4500
003 - CONTROL NUMBER IDENTIFIER
control field NUST
082 ## - DEWEY DECIMAL CLASSIFICATION NUMBER
Classification number 200
100 ## - MAIN ENTRY--PERSONAL NAME
Personal name Ihtesham Ul Haq
245 ## - TITLE STATEMENT
Title Climatic Changes and Farmers' Perception and Resilience for Food Security in Karak District of Khyber Pakhtunkhwa, Pakistan/
Statement of responsibility, etc. Ihtesham Ul Haq
264 ## - PRODUCTION, PUBLICATION, DISTRIBUTION, MANUFACTURE, AND COPYRIGHT NOTICE
Place of production, publication, distribution, manufacture Islamabad:
Name of producer, publisher, distributor, manufacturer S3H NUST.
Date of production, publication, distribution, manufacture, or copyright notice 2025.
650 ## - SUBJECT ADDED ENTRY--TOPICAL TERM
Topical term or geographic name entry element MS-Development Studies
700 ## - ADDED ENTRY--PERSONAL NAME
Personal name Supervisor: Dr. Umer Khayyam
856 ## - ELECTRONIC LOCATION AND ACCESS
Uniform Resource Identifier <a href="http://10.250.8.41:8080/xmlui/handle/123456789/56660">http://10.250.8.41:8080/xmlui/handle/123456789/56660</a>
942 ## - ADDED ENTRY ELEMENTS (KOHA)
Source of classification or shelving scheme
Koha item type Soft Copy
Holdings
Withdrawn status Permanent Location Current Location Shelving location Date acquired Full call number Barcode Koha item type
  Central Library (CL) Central Library (CL) Thesis 12/31/2025 200 CL-T-7739 Soft Copy
© 2023 Central Library, National University of Sciences and Technology. All Rights Reserved.